|
|
|
|
| LEADER |
00834nam a2200169Ia 4500 |
| 001 |
TDMU_23630 |
| 008 |
210410s9999 xx 000 0 und d |
| 082 |
|
|
|a 959.704
|
| 100 |
|
|
|a P.V
|
| 245 |
|
0 |
|a Bảo vệ chính quyền sau ngày đất nước thống nhất
|
| 245 |
|
0 |
|c P.V (Theo Lịch sử Công an Bình Dương)
|
| 245 |
|
0 |
|n Bài 2
|
| 245 |
|
0 |
|p Phá tan các tổ chức phản động
|
| 300 |
|
|
|a 3tr
|
| 650 |
|
|
|a Công an Bình Dương; Bảo vệ chính quyền ; Sau ngày giải phóng miền Nam; Công an tỉnh Sông Bé ; Triệt phá chuyên án P176 ; Tấn công tội phạm hình sự ; Lịch sử
|
| 856 |
|
|
|u http://lrc.tdmu.edu.vn/opac/search/detail.asp?aID=2&ID=23630
|
| 980 |
|
|
|a Trung tâm Học liệu Trường Đại học Thủ Dầu Một
|